Reliability Technology, Human Error, and Quality in Health Care : (Record no. 618390)

MARC details
000 -LEADER
fixed length control field 00514nam a2200181 a 4500
008 - FIXED-LENGTH DATA ELEMENTS--GENERAL INFORMATION
fixed length control field 260330s2008##################000#0#eng##
020 ## - INTERNATIONAL STANDARD BOOK NUMBER
ISBN 9781420065589
082 04 - DEWEY DECIMAL CLASSIFICATION NUMBER
Classification number 362.1
Item number DHI
100 1# - MAIN ENTRY--AUTHOR NAME
Personal name Dhillon, B.S.,
245 10 - TITLE STATEMENT
Title Reliability Technology, Human Error, and Quality in Health Care :
260 ## - PUBLICATION, DISTRIBUTION, ETC. (IMPRINT)
Name of publisher CRC Press,
Year of publication 2008.
650 #0 - SUBJECT ADDED ENTRY--TOPICAL TERM
Topical Term Technology & Engineering.
942 ## - ADDED ENTRY ELEMENTS (KOHA)
Koha item type English Books
Holdings
Withdrawn status Lost status Damaged status Not for loan Home library Current library Shelving location Date acquired Full call number Accession Number Price effective from Koha item type
        Anna Centenary Library Anna Centenary Library 4TH FLOOR, A WING 30.03.2026 362.1 DHI 151773 30.03.2026 English Books

Find us on the map